|
|
|
|
| LEADER |
00000nam a2200000Ia 4500 |
| 008 |
170928b1983 pe ||||| |||| 00| 0 spa d |
| 999 |
|
|
|c 1415
|d 1415
|
| 090 |
|
|
|a 06.01.01
|b 912
|
| 100 |
1 |
|
|a Capella Riera, Jorge
|9 3204
|
| 245 |
1 |
0 |
|a Educación : Planteamientos para la formulación de una teoría
|
| 260 |
|
|
|a Lima, Perú :
|b Editorial Zapata Santillana,
|c 1983
|
| 300 |
|
|
|a volumenes
|
| 650 |
1 |
4 |
|a TEORÍA DE LA EDUCACIÓN
|9 661
|
| 650 |
1 |
4 |
|a FILOSOFÍA DE LA EDUCACIÓN
|9 21
|
| 650 |
1 |
4 |
|a FORMACIÓN DE DOCENTES
|9 9
|
| 650 |
1 |
4 |
|a INVESTIGACIÓN
|9 163
|
| 942 |
|
|
|i 00938,00130
|h 06.01.01 912
|2 z
|c 01
|